| 000 | 00314 a2200133 4500 | ||
|---|---|---|---|
| 001 | 89134 | ||
| 082 | _aPR 861 | ||
| 090 |
_c42082 _d42082 |
||
| 100 | _aNaeem | ||
| 245 | _aDetermination of the flight path of rocket | ||
| 260 |
_aKarachi _bNED _c1984 |
||
| 300 |
_a65p. _eShiraz Alam |
||
| 500 | _aBE Project Reports | ||
| 942 |
_aCAE NUST _kPR 861 |
||
| 999 |
_c324207 _d324207 |
||